000 00728nam a2200205 i 4500
001 108450
003 ES-MaACL
005 20250927121452.0
007 t|
008 061121s1984 sp r ||||1| spa d
100 1 _aMontero Herrero, María Carmen.
_982527
245 1 0 _aJuan Alcaide, poeta de la Mancha /
_cpor María Carmen Montero Herrero.
260 _aMurcia :
_bUniversidad,
_c1984.
300 _a26 p. ;
_c24 cm.
500 _aSeparata de : Anales de Universidad de Murcia. Letras , v. 43 ( 1984), nº 1-2.
600 1 7 _aAlcaide Sánchez, Juan,
_d1907-1951-
_xCrítica e interpretación
_2
_9160948
710 2 _aUniversidad de Murcia.
_97228
852 _aES-MaACL
_j2138-F-5
_bR.109303
999 _c108450
_d108450